Geography Quiz

Random Geography or Blitz Quiz

60 Second Blitz: Lands & Stans Quiz Stats

 Plays Quiz Updated Feb 16, 2019

Score 0/17 Timer 01:00
4 Plays Today
Country % Correct
Pakistan
85.4%
Afghanistan
83.6%
Turkmenistan
77.6%
Kazakhstan
76.8%
Uzbekistan
76.5%
Iceland
73.8%
Tajikistan
70.2%
Kyrgyzstan
68.1%
Ireland
62.8%
Country % Correct
Finland
57.5%
Poland
42.5%
New Zealand
38%
Switzerland
35.5%
Netherlands
33.4%
Thailand
30.7%
Marshall Islands
18.6%
Solomon Islands
17.3%

You're not logged in!

Compare scores with friends on all Sporcle quizzes.
OR
Log In

You Might Also Like...

Show Comments

Extras

Top Quizzes Today


Score Distribution

Your Account Isn't Verified!

In order to create a playlist on Sporcle, you need to verify the email address you used during registration. Go to your Sporcle Settings to finish the process.

Report this User

Report this user for behavior that violates our Community Guidelines.

Details: